| 000 | 01073 a2200217 4500 | ||
|---|---|---|---|
| 003 | Nust | ||
| 005 | 20170207154047.0 | ||
| 010 | _a 2008002753 | ||
| 020 | _a9780470177464 (acid-free paper) | ||
| 040 | _cNust | ||
| 082 | 0 | 0 | _a658.4 |
| 100 | 1 | _aStern, Lewis Richard. | |
| 245 | 1 | 0 |
_aExecutive coaching :building and managing your professional practice -(E-BOOK) _cLewis R. Stern. |
| 260 |
_aHoboken, N.J. : _bJohn Wiley & Sons, _cc2008. |
||
| 300 |
_axviii, 237 p. ; _c25 cm. |
||
| 505 | _aIs Executive Coaching Right for You? (Page-1) Assessing Your Competencies as a Professional (Page-27) Building and Marketing Your Value Proposition (Page-83) Assembling and Managing the Building Blocks (Page-109) Transitioning into Executive Coaching from Other (Page-153) A Plan for Your Professional Executive (Page-171) | ||
| 650 | 0 | _aExecutive coaching. | |
| 651 | _aE-BOOK | ||
| 856 | 4 | 2 |
_3Publisher description _uhttp://www.loc.gov/catdir/enhancements/fy0810/2008002753-d.html |
| 856 | 4 | 2 |
_3Table of contents only _uhttp://www.loc.gov/catdir/enhancements/fy0810/2008002753-t.html |
| 942 |
_2ddc _cBK |
||
| 999 |
_c192924 _d192924 |
||